| 000 | 00999nas a2200325 4500 | ||
|---|---|---|---|
| 001 | BR0700692 | ||
| 003 | BR-BrBNA | ||
| 005 | 20231205110527.0 | ||
| 007 | ta | ||
| 008 | 230509b bl.|||p| |||| 00| 00por d | ||
| 040 |
_aBR-BrBNA _bpor _cBiblioteca Nacional de Agricultura |
||
| 041 | _a(Pt) | ||
| 072 | _aH10 | ||
| 100 | 1 | _aAcacio-Bigi, M. de F.M. | |
| 100 | 1 | _aHebling, M.J.A. | |
| 100 | 1 | _aBueno, O.C. | |
| 100 | 1 | _aPagnocca, F.C. | |
| 100 | 1 | _aSilva, O.A. da | |
| 100 | 1 | _aFernandes, J.B. | |
| 100 | 1 | _aVieira, P.C. | |
| 245 | 1 | _aToxicidade de extratos foliares de Ricinus communis L. para operárias de Atta sexdens rubropilosa Forel, 1908 (Hymenoptera, Formicidae) | |
| 650 | _aMAMONA | ||
| 650 | _aFORMIGA | ||
| 650 | _aEXTRATO VEGETAL | ||
| 650 | _aFOLHA | ||
| 650 | _aTOXIDEZ | ||
| 773 | 0 |
_tRevista Brasileira de Entomologia (Brazil) _xISSN 0085-5626 _g(Sep 1998), v. 41(2-4) p. 239-243 _wBR0700692 |
|
| 909 |
_a202311 _bLúcia _c55 _dLúcia Elande |
||
| 942 |
_2AGRIS _n0 _cANA |
||
| 999 |
_c187744 _d187744 |
||